Grimm's little red riding hood / (Record no. 30309)

MARC details
000 -LEADER
fixed length control field 00868nam a2200241 a 4500
005 - DATE AND TIME OF LATEST TRANSACTION
control field 20090912113537.0
008 - FIXED-LENGTH DATA ELEMENTS--GENERAL INFORMATION
fixed length control field 080424s2008 nyua j 000 1 eng
010 ## - LCCN (DPL NO)
LC control number B-358100
020 ## - INTERNATIONAL STANDARD BOOK NUMBER
International Standard Book Number 9788126416820
Terms of availability 60.00
035 ## - SYSTEM CONTROL NUMBER
System control number B-358100
037 ## - SOURCE OF ACQUISITION
Source of stock number/acquisition DBAD / PUB
040 ## - CATALOGING SOURCE
Original cataloging agency dpl
Language of cataloging English
082 ## - DEWEY DECIMAL CLASSIFICATION NUMBER
Classification number S
100 ## - MAIN ENTRY--PERSONAL NAME
Personal name Chandy, Luiza
245 ## - TITLE STATEMENT
Title Grimm's little red riding hood /
Statement of responsibility, etc retold by Luiza Chandy; illustrated by K.R. Raji
260 ## - PUBLICATION, DISTRIBUTION, ETC. (IMPRINT)
Place of publication, distribution, etc Kerala
Name of publisher, distributor, etc DC Books
Date of publication, distribution, etc 2007
270 ## - ADDRESS
Address DC Kizhakemuri Edam, Good Shepherd Street, Kottayam
City 686001
300 ## - PHYSICAL DESCRIPTION
Extent 29p.:
Other physical details col. ill. ;
Dimensions 22cm(pbk)
650 ## - SUBJECT ADDED ENTRY--TOPICAL TERM
Topical term or geographic name as entry element Children's stories, English
700 ## - ADDED ENTRY--PERSONAL NAME
Personal name Raji, K.R.
942 ## - ADDED ENTRY ELEMENTS (KOHA)
Source of classification or shelving scheme Dewey Decimal Classification
Item type Children Books
Classification part S
Call number suffix CHA
Holdings
Withdrawn status Lost status Source of classification or shelving scheme Damaged status Not for loan Collection code Home library Current library Date acquired Source of acquisition Cost, normal purchase price Total Checkouts Total Renewals Full call number Barcode Date last seen Copy number Cost, replacement price Koha item type
    Dewey Decimal Classification     Fiction Janak Puri Janak Puri 12/09/2009 DBAD / PUB 60.00 6 1 S CHA B-358100 14/07/2010 1 60.00 Children Books

© Delhi Public Library
Hit Counter
free hit counter